| 000 | 00000nam##2200000za#4500 |
| 001 | 9.614587 |
| 003 | CaOODSP |
| 005 | 20220111083443 |
| 007 | ta |
| 008 | 150406|1998||||xxc||||| f|0| 0 eng|d |
| 020 | |a0-662-27288-9 |
| 022 | |a1713-0638 |
| 040 | |aCaOODSP|beng |
| 043 | |an-cn--- |
| 086 | 1 |aNE22-1/1998-7E |
| 110 | 1 |aCanada. |bNational Energy Board. |
| 245 | 10|aSouris Valley Pipeline Limited : |bapplication dated 10 October 1997, as amended, for facilities |
| 260 | |aCalgary - Alberta : |bNational Energy Board |c1998. |
| 300 | |a33p. : |bfig. ; |c28 cm. |
| 490 | 1 |aReasons for decision|x1713-0638 |
| 500 | |aN.B.: Incorrect ISBN (0-662-27289-9) printed in this publication. |
| 563 | |aSoftcover |
| 590 | |a98-43|b1998-10-23 |
| 776 | 0#|tReasons for decision in the matter of Souris Valley Pipeline Limited : |w(CaOODSP)9.572548 |
| 830 | #0|aReasons for decision (Canada. National Energy Board)|x1713-0638|w(CaOODSP)9.514808 |
| 986 | |aMH-1-98 |